Household item ZOOM! Quiz Stats

 Plays Quiz not verified by Sporcle

Challenge
Share
Tweet
Score 0/10 Timer 01:30
0 Plays Today
% Correct
toaster
98.4%
keyboard
93.5%
toilet
91.9%
table
85.5%
couch
83.9%
door
83.9%
window
82.3%
toilet paper
77.4%
vacuum
74.2%
mouse
72.6%

You're not logged in!

Compare scores with friends on all Sporcle quizzes.
Join for Free
OR
Log In

You Might Also Like...

Show Comments

Extras

Created Jul 9, 2016ReportNominate
Tags:close, household, item

Top Quizzes Today


Score Distribution

Your Account Isn't Verified!

In order to create a playlist on Sporcle, you need to verify the email address you used during registration. Go to your Sporcle Settings to finish the process.

Report this User

Report this user for behavior that violates our Community Guidelines.

Details: